000 00816nam a2200265Ia 4500
003 OSt
005 20220918170518.0
006 a|||||r|||| 00| 0
007 ta
008 220917b |||||||| |||| 00| 0 eng d
020 _a9780262528825 (pbk)
_cUSD 38.00
024 _a317,727
037 _bIN/2016-17/972, 07/03/2017, Selectbook Service Syndicate
_cTextual
040 _aARTS
_cARTS
_beng
041 _2eng
_aeng
082 _aP:1, Q6
100 _aRichards Norvin
_929415
245 0 _aContiguity theory
260 _aCambridge
_bMIT Press USA
_c2016
300 _a381p.
_ccm.
490 _aLinguistic inquiry monographs
650 _aPHONOLOGY
_929416
942 _hP:1, Q6
_cTEXL
_2CC
999 _c134422
_d134422